000 00319 a2200157 4500
001 64223
020 _a8516042715
040 _cAnchieta - Pituba
100 _aElisabeth Prescher
240 1 0 _aSun 3
_leng
245 1 0 _aSun 3
300 _a198
362 0 _a2004
650 4 _aInglês e inglês antigo
942 _cBK
999 _c64223
_d64223